000 00478nam a2200193Ia 4500
005 20260429112216.0
008 260429s9999||||xx |||||||||||||| ||und||
020 _a9788197317422
041 _aEnglish
082 _a370.113
_bKUM
100 _aKumar, Satendra
245 0 _aCareer skills /
_cSatendra Kumar
250 _a1st ed.
260 _aJaipur :
_bYking Book,
_c2024.
300 _avi, 248 p.; hb
650 _a Career skills
650 _aEducation
942 _cTB
999 _c52902
_d52902